|
|
|
|
| LEADER |
00964cam a2200265 7i4500 |
| 001 |
0000067410 |
| 005 |
20220610090000.0 |
| 020 |
|
|
|a 9781292076539
|
| 090 |
0 |
0 |
|a HG4027.5
|b .M64 2016
|
| 100 |
1 |
|
|a Moffett, Michael H
|
| 245 |
1 |
0 |
|a Fundamentals of multinational finance
|c Michael H. Moffett, Arthur I. Stonehill, David K. Eiteman.
|
| 250 |
|
|
|a Fifth edition.
|
| 264 |
|
|
|a Boston:
|b Pearson,
|c 2016.
|
| 300 |
|
|
|a 1 online resource (xviii, 462 pages):
|b colour illustrations, text file, PDF.
|
| 336 |
|
|
|a text
|2 rdacontent
|
| 337 |
|
|
|a computer
|2 rdamedia
|
| 338 |
|
|
|a online resource
|2 rdacarrier
|
| 650 |
|
0 |
|a International finance
|
| 650 |
|
0 |
|a International business enterprises --
|x Finance
|
| 655 |
|
0 |
|a Electronic books
|
| 700 |
1 |
|
|a Stonehill, Arthur I.
|
| 700 |
1 |
|
|a Eiteman, David K.
|
| 856 |
4 |
2 |
|u http://library.unisel.edu.my/web/guest/mylibrary
|
| 997 |
|
|
|a Business & Accountancy, Faculty
|
| 999 |
|
|
|a EBO0011984
|b EBOOK
|c EBOOK
|e Electronic resources
|